| 000 | 01097cam a2200301 i 4500 | ||
|---|---|---|---|
| 001 | 200453539 | ||
| 999 |
_c200453539 _d71751 |
||
| 003 | TR-AnTOB | ||
| 005 | 20240828073827.0 | ||
| 007 | ta | ||
| 008 | 230426s2023 tu z000 0 tur d | ||
| 040 |
_aTR-BuUU _beng _erda _cTR-BuUU _dTR-AnTOB |
||
| 041 | 0 | _atur | |
| 050 | 1 | 4 |
_aJQ1807 _b.O77 2023 |
| 090 |
_aJQ1807 _b.O77 2023 |
||
| 245 | 0 | 0 |
_aOrtak Politikalar Mutabakat Metni : _b30 Ocak 2023 / _cCumhuriyet Halk Partisi. |
| 250 | _a1. baskı Ocak 2023 | ||
| 264 | 1 |
_aAnkara : _bCumhuriyet Halk Partisi, _c2023. |
|
| 300 |
_a240 pages ; _c30 cm |
||
| 336 |
_atext _btxt _2rdacontent |
||
| 337 |
_aunmediated _bn _2rdamedia |
||
| 338 |
_avolume _bnc _2rdacarrier |
||
| 500 | _aCumhuriyet Halk Partisi (CHP)--Demokrasi ve Atılım Partisi (DEVA)--Demokrat Parti (DP)--Gelecek Partisi--İyi Parti--Saadet Partisi | ||
| 650 | 7 |
_aSiyasal partiler _zTürkiye _2etuturkob _945613 |
|
| 710 | 2 |
_aCumhuriyet Halk Partisi (Turkey) _962490 |
|
| 856 |
_uhttps://chp.org.tr/yayin/ortak-politikalar-mutabakat-metni/Open _zpdf.Turkish |
||
| 942 |
_2lcc _cBK |
||